Block Tales Bosses - Statistics

General Stats
  • This quiz has been taken 63 times
    58 since last reset
  • The average score is 14 of 22
Answer Stats
Answer % Correct
Cruel King
91%
Red and Blue
91%
Bubonic Plant
84%
Noobador
84%
Hatred
81%
The Ancients
81%
Bigfoot
78%
Fear
78%
Greed
78%
Captain Trotter
72%
Solitude
69%
Komodo Dragon
66%
Slasher
66%
Sentient Statue
63%
Banished Knight
59%
Purple and Green
59%
The Great Flocci
56%
Temple Guardian
53%
Supreme Ant
50%
Turkey
47%
Griefer 1
16%
Griefer 2
16%
No matching quizzes found
Score Distribution
Percent of People with Each Score
Percentile by Number Answered
Your Score History
You have not taken this quiz since the last reset